000 00371nam a2200145Ia 4500
008 150201s2004 xx 000 0 und d
082 _a612.015
_bA2004S
100 _aSINGH S.P
245 2 _aA TEXT BOOK OF DENTAL BIOCHEMISTRY
250 _a2ND
260 _bC.B.S PUBLISHERS & DISTRIBUTERS
_aDELHI
_c2004
300 _a1-321
650 _aBIOCHEMISTRY
942 _2ddc
_cBK
999 _c3487
_d3487